000 01064cam a2200313 a 4500
999 _c239
_d239
001 .b19970717
003 OCoLC
005 20190802102100.0
008 090907r20102009enkabcf b 001 0 eng
015 _aGBA992188
020 _a9780141039251 (pbk.)
020 _a0141039256 (pbk.)
035 _a(OCoLC)440113631
040 _aUKM
_cUKM
042 _anbic
082 0 4 _a333.7 LOV
_222
100 1 _aLovelock, James,
_d1919-
_eauthor
245 1 4 _aThe vanishing face of Gaia :
_ba final warning /
_cJames Lovelock ; with a foreword by Martin Rees.
260 _aLondon :
_bPenguin,
_cc2010.
300 _axiii, 177 p., [8] p. of plates :
_bill. (chiefly col.), col. maps, col. ports. ;
_c20 cm.
500 _aOriginally published: London: Allen Lane, 2009.
504 _aIncludes bibliographical references and index.
650 0 _aEnvironmental sciences.
650 0 _aGaia hypothesis.
650 0 _aClimatic changes.
650 0 _aEnvironmental protection
_xCitizen participation.
700 _aRees, Martin
_eWriter of foreword
942 _2ddc
_cNFIC